| 000 | 00685nam a2200241Ia 4500 | ||
|---|---|---|---|
| 001 | 814 | ||
| 003 | GE_BSU | ||
| 008 | 181216s||||||||xx |||||||||||||| ||und|| | ||
| 020 | _a5829700298 | ||
| 040 | _cGE_BSU | ||
| 080 | _a911.3(075.8) | ||
| 100 | _aАлисов, Н.В.;Хорев,Б.С. | ||
| 245 | _aЭкономическая и социальная география (общий обзор) | ||
| 245 | _bУч-к | ||
| 260 | _aМосква | ||
| 260 | _bГардарики | ||
| 260 | _c2001 | ||
| 300 | _a704стр. | ||
| 541 | _h20л. | ||
| 653 | _aгеография | ||
| 653 | _aЭкономическая и социальная география | ||
| 942 | _cBK | ||
| 999 |
_c34979 _d34979 |
||